Mémoires de la Société vaudoise des sciences naturelles. (Record no. 1767)

MARC details
000 -LEADER
fixed length control field 02244cas a2200577 4500
001 - CONTROL NUMBER
control field data
008 - FIXED-LENGTH DATA ELEMENTS--GENERAL INFORMATION
fixed length control field data
005 - DATE AND TIME OF LATEST TRANSACTION
control field 20260322212117.0
010 ## - LIBRARY OF CONGRESS CONTROL NUMBER
LC control number gs 23000243
019 ## -
-- 895076682
-- 895076682
022 ## - INTERNATIONAL STANDARD SERIAL NUMBER
International Standard Serial Number 0037-9611
Source z
023 0# - CLUSTER ISSN
Cluster ISSN 0037-9611
Source z
029 1# - OTHER SYSTEM CONTROL NUMBER (OCLC)
OCLC library identifier AU@
System control number 000001965913
029 1# - OTHER SYSTEM CONTROL NUMBER (OCLC)
OCLC library identifier AU@
System control number 000045776316
029 1# - OTHER SYSTEM CONTROL NUMBER (OCLC)
OCLC library identifier AU@
System control number 000051855399
029 1# - OTHER SYSTEM CONTROL NUMBER (OCLC)
OCLC library identifier NLGGC
System control number 851849601
029 1# - OTHER SYSTEM CONTROL NUMBER (OCLC)
OCLC library identifier NZ1
System control number 3760883
030 ## - CODEN DESIGNATION
CODEN MSVNAU
035 ## - SYSTEM CONTROL NUMBER
System control number (OCoLC)1645912
040 ## - CATALOGING SOURCE
Original cataloging agency DLC
Language of cataloging eng
Transcribing agency MUL
Modifying agency OCLCQ
-- DLC
-- AIP
-- OCL
-- DLC
-- NST
-- OCLCQ
-- OCLCF
-- CUS
-- AGL
-- AOW
-- OCLCQ
-- NLNAT
-- RDF
-- NLNAT
-- OCLCA
-- OCLCQ
-- OCLCO
-- OCLCQ
-- OCLCL
-- OCLCQ
041 0# - LANGUAGE CODE
Language code of text/sound track or separate title ger
-- fre
-- ger
042 ## - AUTHENTICATION CODE
Authentication code pcc
050 00 - LIBRARY OF CONGRESS CALL NUMBER
Classification number Q67
Item number .L33
070 0# - NATIONAL AGRICULTURAL LIBRARY CALL NUMBER
Classification number 508
Item number L37M
082 04 - DEWEY DECIMAL CLASSIFICATION NUMBER
Classification number 505
Real World Object URI https://id.oclc.org/worldcat/ddc/E3rqjbqVFrrqdYQFtkxCHHwjrm
110 2# - MAIN ENTRY--CORPORATE NAME
Corporate name or jurisdiction name as entry element Société vaudoise des sciences naturelles.
Real World Object URI https://id.oclc.org/worldcat/entity/E39QH7JmpqWhbFJDwtgtC73Vxt
210 0# - ABBREVIATED TITLE
Abbreviated title Mém. Soc. vaudoise sci. nat.
222 #0 - KEY TITLE
Key title Mémoires de la Société vaudoise des sciences naturelles
245 10 - TITLE STATEMENT
Title Mémoires de la Société vaudoise des sciences naturelles.
260 ## - PUBLICATION, DISTRIBUTION, ETC.
Place of publication, distribution, etc. Lausanne
Name of publisher, distributor, etc. [Société vaudoise des Sciences naturelles]
300 ## - PHYSICAL DESCRIPTION
Extent volumes
Other physical details illustrations, maps (some folded)
Dimensions 26 cm
336 ## - CONTENT TYPE
Content type term text
Content type code txt
Source rdacontent
337 ## - MEDIA TYPE
Media type term unmediated
Media type code n
Source rdamedia
338 ## - CARRIER TYPE
Carrier type term volume
Carrier type code nc
Source rdacarrier
362 0# - DATES OF PUBLICATION AND/OR SEQUENTIAL DESIGNATION
Dates of publication and/or sequential designation v. 1- (no 1- ); 29 avril 1922-
590 ## - LOCAL NOTE (RLIN)
Local note SERBIB/SERLOC merged record
510 0# - CITATION/REFERENCES NOTE
Name of source Chemical abstracts
International Standard Serial Number 0009-2258
546 ## - LANGUAGE NOTE
Language note In English, French or German.
650 #0 - SUBJECT ADDED ENTRY--TOPICAL TERM
Topical term or geographic name entry element Science.
650 #2 - SUBJECT ADDED ENTRY--TOPICAL TERM
Topical term or geographic name entry element Science
650 #7 - SUBJECT ADDED ENTRY--TOPICAL TERM
Topical term or geographic name entry element Science.
Source of heading or term fast
Authority record control number or standard number (OCoLC)fst01108176
655 #2 - INDEX TERM--GENRE/FORM
Genre/form data or focus term Periodical
776 08 - ADDITIONAL PHYSICAL FORM ENTRY
Relationship information Online version:
Main entry heading Société vaudoise des sciences naturelles.
Title Mémoires de la Société vaudoise des sciences naturelles
Record control number (OCoLC)609851140
890 ## -
-- Société vaudoise des sciences naturelles. Lausanne. Memoires.
-- gs 23-24311
859 41 - LOCAL CONTROL INFORMATION (RLIN)
-- http://retro.seals.ch/digbib/vollist?UID=msv-001
-- http://retro.seals.ch/digbib/vollist?UID=msv-001
-- 0
906 ## - LOCAL DATA ELEMENT F, LDF (RLIN)
a 7
b cbc
c serials
d 3
e ncip
f 19
g n-oclcserc
920 ## -
-- Keep 1
991 ## -
-- c-GenColl
-- Q67
-- .L33
-- SERIALS
992 ## -
-- call x7-5305
-- SERLOC
Holdings
Withdrawn status Lost status Damaged status Not for loan Home library Current library Shelving location Date acquired Total checkouts Full call number Barcode Date last seen Price effective from Koha item type
        Franklin Franklin General stacks 22/03/2026   505 LOC-FRL-00003 22/03/2026 22/03/2026 Books